000
00313nam a2200133Ia 4500
005
20251222143309.0
008
251222s9999||||xx |||||||||||||| ||spa||
020
_a
84-666-1946-1
082
_a
818.6/K25
100
_a
Katzenbach, John
245
0
_a
La Historia del Loco
264
_b
Ediciones, B.
942
_c
LIB
999
_c
15630
_d
15630